| 000 | 02250cam a22005774i 4500 | ||
|---|---|---|---|
| 003 | PE-LiUPU | ||
| 005 | 20250731165509.0 | ||
| 008 | 180119s cx b ra 000 0 spa d | ||
| 020 | _a9789587626841 | ||
| 035 | _a(Sirsi) a241071 | ||
| 040 |
_aPE-LiUPU _bspa _cPE-LiUPU _erda |
||
| 049 | _aPRUA | ||
| 082 | 0 | 4 |
_a005.42 _bM26 _220 |
| 100 | 1 |
_aMartínez López, Francisco Javier, _eautor. |
|
| 245 | 1 | 0 |
_aProgramación de bases de datos relacionales / _cFrancisco Javier Martínez López, Amalia Gallegos Ruiz. |
| 250 | _aPrimera edición. | ||
| 264 |
_aColombia : _bEdiciones de la u, _c2017. |
||
| 300 |
_a331 páginas : _bilustraciones; _c25 centímetros |
||
| 336 |
_atext _2rdacontent |
||
| 337 |
_aunmediated _2rdamedia |
||
| 338 |
_avolume _2rdacarrier |
||
| 504 | _aBibliografía : páginas 327-329. | ||
| 505 | 0 | _aIntroducción a las bases de datos -- Modelos conceptuales de bases de datos -- Modelo relacional -- El ciclo de vida de un proyecto -- Creación y diseño de bases de datos -- Lenguajes relacionales -- El lenguaje de manipulación de la base de datos -- Lenguajes de programación de bases de datos -- Bibliografía -- Solucionarios de los test de conocimientos. | |
| 526 | _aSEG44 | ||
| 526 | _aSEG26 | ||
| 526 | _aP151 | ||
| 526 | _aP150 | ||
| 526 | _aP149 | ||
| 526 | _aP146 | ||
| 526 | _aP145 | ||
| 526 | _aP126 | ||
| 526 | _aP125 | ||
| 526 | _aP92 | ||
| 526 | _aP75 | ||
| 526 | _aP74 | ||
| 526 | _aP27 | ||
| 526 | _aP15 | ||
| 541 | _g0001-0042355; | ||
| 650 | _aDiseño y creación de bases de datos. | ||
| 650 | 0 | 4 | _aLenguaje de programación. |
| 650 | 0 | 4 | _aManipulación de bases de datos. |
| 650 | 0 | 4 | _aDesign and creation of databases. |
| 650 | 0 | 4 | _aProgramming language. |
| 650 | 0 | 4 | _aManipulation of databases. |
| 700 | 1 |
_aGallegos Ruiz, Amalia, _eautor. |
|
| 910 |
_adbm _bmarg _cmarg _d20180119 |
||
| 942 |
_2ddc _cBOOK |
||
| 994 |
_aC0 _bPEPRU |
||
| 596 | _a1 | ||
| 999 |
_a005.42 M26 _wDEWEY _c26714 _i78183 _d26714 _e2018-4-2 _f2021-11-9 _g4 _lCCODEBUL1 _mBUL _n1 _p30.46 _q2 _r0 _sY _tBOOK _u2018-1-19 _xINGENIERIA _PP27 _0COMPRA _o.STAFF. Colección Ingeniería y Arquitectura |
||
| 980 |
_81 _gALBERTO SANCHEZ Responsable de Automatización |
||